000 01269nam a22002177a 4500
999 _c2610
_d2610
003 OSt
005 20230731153914.0
008 230731b ||||| |||| 00| 0 eng d
020 _a9781009031943
040 _cKH8
082 _a428.24 LUC
100 _aLucantoni, Peter,
_eauthor.
245 _aCambridge IGCSE English as a Second Language ;
_bcoursebook /
_cPeter Lucantoni.
250 _aSixth edition
260 _aCambridge:
_bCambridge University Press,
_c2022.
300 _ax, 356 pages,
_bcolour illustrations.
500 _aIncludes digital access
520 _aThe much-anticipated sixth edition of our Cambridge IGCSEâ„¢ English as a Second Language Coursebook with Digital Access is here. Written by English as a second language specialist, Peter Lucantoni, this resource provides clear and accessible guidance for English reading, writing, speaking and listening skills. Engaging topics, such as lifestyles and food, bring authentic English to life. Suitable for students studying the Cambridge IGCSE and IGCSE (9-1) English as a Second Language syllabuses for examination from 2024, and those seeking a course exit level of B1/B2 according to the Common European Framework of Reference for Languages.
650 _aForeign language
942 _2ddc
_cTR